书目信息 |
| 题名: |
经典诗文三百篇
|
|
| 作者: | 尹建国 , 典文军 主编 | |
| 分册: | ||
| 出版信息: | 北京 高等教育出版社 2010.09 |
|
| 页数: | 345页 | |
| 开本: | 20cm | |
| 丛书名: | ||
| 单 册: | ||
| 中图分类: | I211 | |
| 科图分类: | ||
| 主题词: | 文学--作品集--中国 | |
| 电子资源: | ||
| ISBN: | 978-7-04-026994-9 | |
| 000 | 00697nam0 2200217 450 | |
| 001 | 1338541016 | |
| 005 | 20130106110057.03 | |
| 010 | @a978-7-04-026994-9@dCNY36.00 | |
| 100 | @a20130106d2010 km y0chiy0120 ea | |
| 101 | 0 | @achi |
| 102 | @aCN@b110000 | |
| 200 | 1 | @a经典诗文三百篇@Ajing dian shi wen san bai pian@e大学版@f尹建国,典文军主编@Fyin jian guo,dian wen jun zhu bian |
| 210 | @a北京@c高等教育出版社@d2010.09 | |
| 215 | @a345页@d20cm | |
| 517 | 1 | @a大学版@Ada xue ban |
| 606 | 0 | @a文学@x作品集@x中国 |
| 690 | @aI211@v4 | |
| 701 | 0 | @a尹建国@Ayin jian guo@4主编 |
| 701 | 0 | @a典文军@Adian wen jun@4主编 |
| 801 | 0 | @aCN@b大连网信软件有限公司图书馆·11@c20130106 |
| 905 | @aZUCC@dI211@eY596 | |
| 经典诗文三百篇:大学版/尹建国,典文军主编.-北京:高等教育出版社,2010.09 |
| 345页;20cm |
| ISBN 978-7-04-026994-9:CNY36.00 |
| ● |
| 相关链接 |
|
|
|
正题名:经典诗文三百篇
索取号:I211/Y596
 
预约/预借
| 序号 | 登录号 | 条形码 | 馆藏地/架位号 | 状态 | 备注 |
| 1 | 104703 | 201047036 | 社科二线422/422社科库 25排1列1层/ [索取号:I211/Y596] | 在馆 | |
| 2 | 185531 | 201855313 | 文学库108/108文学库 12排8列3层/ [索取号:I211/Y596] | 在馆 | |
| 3 | 194436 | 201944361 | 文学库108/309社科库 997排3列3层/ [索取号:I211/Y596] | 在馆 | |
| 4 | 439577 | 204395779 | 文学库108/209语言库 125排1列2层/ [索取号:I211/Y596] | 在馆 |